Sports Quiz

Random Sports or WWE Quiz

Debut Year Opponents of John Cena (2002) Quiz Stats

 Plays Quiz not verified by Sporcle

Challenge
Share
Tweet
Embed
Score 0/38 Timer 05:00
0 Plays Today
Event Wrestler % Correct
SmackDown (25/06)Kurt Angle
93.8%
SmackDown (09/07)Kurt Angle
93.8%
SmackDown (06/08) - 1Kurt Angle
93.8%
SmackDown (06/08) - 2Kurt Angle
93.8%
SmackDown (08/10)Kurt Angle
93.8%
SmackDown (02/07)Chris Jericho
82.6%
SmackDown (09/07)Chris Jericho
82.6%
SmackDown (16/07)Chris Jericho
82.6%
VengeanceChris Jericho
82.6%
SmackDown (17/09)Brock Lesnar
76.8%
SmackDown (06/08) - 2Eddie Guerrero
73%
SmackDown (10/09)Eddie Guerrero
73%
SmackDown (06/08) - 2Chris Benoit
71.8%
SmackDown (08/10)Chris Benoit
71.8%
Velocity (03/09)Chavo Guerrero
71.4%
SmackDown (10/09)Chavo Guerrero
71.4%
SmackDown (26/11)Edge
68.9%
SmackDown (26/11)Rey Mysterio
61.4%
SmackDown (20/08)Batista
61%
Event Wrestler % Correct
Velocity (13/08)Reverend D-Von
57.7%
SmackDown (20/08)Reverend D-Von
57.7%
SmackDown (27/08)Reverend D-Von
57.7%
Velocity (24/09)Reverend D-Von
57.7%
SmackDown (15/10)Billy Kidman
51.9%
SmackDown (22/10)Billy Kidman
51.9%
RebellionBilly Kidman
51.9%
SmackDown (23/07)Test
44.4%
SmackDown (05/11)Rikishi
43.6%
SmackDown (12/11)Rikishi
43.6%
SmackDown (19/11)Rikishi
43.6%
RebellionTorrie Wilson
36.9%
SmackDown (12/11)Tajiri
35.3%
Velocity (01/10)Albert
34%
SmackDown (17/12)Chuck Palumbo
25.7%
Velocity (22/12)Chuck Palumbo
25.7%
SmackDown (30/07)Rico
24.9%
Velocity (03/12)Paul London
21.2%
Velocity (26/11)Danny DeNucci
6.2%

You're not logged in!

Compare scores with friends on all Sporcle quizzes.
Join for Free
OR
Log In

You Might Also Like...

Show Comments

Extras

Top Quizzes Today


Score Distribution

Your Account Isn't Verified!

In order to create a playlist on Sporcle, you need to verify the email address you used during registration. Go to your Sporcle Settings to finish the process.

Report this User

Report this user for behavior that violates our Community Guidelines.

Details: